Le rivolte militari romane dal IV secolo a. C. ad Augusto

Uloženo v:
Podrobná bibliografie
Hlavní autor: Gabba, Emilio (Autor)
Médium: Kniha
Jazyk:italština
Vydáno: Florencia Sansoni 1975
Edice:Lettere Latine, 94
Témata:
Tagy: Přidat tag
Žádné tagy, Buďte první, kdo vytvoří štítek k tomuto záznamu!

MARC

LEADER 00000nam a2200000 a 4500
001 UCP9092
003 CL-VaPUC
008 000317e19750000IT |||||||||||||||||ita|d
082 0 4 |a 937.02  |b GAB  |2 21 
100 |a Gabba, Emilio  |e author  |9 593092 
245 1 3 |a Le rivolte militari romane dal IV secolo a. C. ad Augusto 
300 |a 94 p 
942 |c BK 
945 |d 20000317 00:00:00  |a rherrera 
260 |a Florencia  |b Sansoni  |c 1975 
650 0 |a Historia antigua  |9 267521 
650 7 |a ROMA  |2 CL-VaPUC  |9 317375 
650 0 |a República romana  |9 433651 
650 0 |a Imperio Romano  |9 322785 
650 7 |a INSTITUCION MILITAR  |2 CL-VaPUC  |9 439439 
650 7 |a REVUELTAS  |2 CL-VaPUC  |9 439440 
650 7 |a GUERRAS CIVILIES  |2 CL-VaPUC  |9 439441 
583 |a last modification  |c 20000317 00:00:00  |k Rodrigo Vera 
490 0 |a Lettere Latine, 94 
999 |c 285943  |d 285941 
952 |0 0  |1 0  |4 0  |6 937_020000000000000_GAB_1975  |7 0  |8 A  |9 330814  |a BIBHIS  |b BIBHIS  |d 2019-11-20  |i 139584K  |o 937.02 GAB 1975  |p 139584K  |r 2025-01-20  |w 2019-11-20  |y BK  |k HIS